Cities in Shakespeare - Statistics

General Stats
  • This quiz has been taken 59 times
  • The average score is 3 of 5
Answer Stats
Answer % Correct
Venice
89%
Verona
85%
Athens
51%
Windsor
45%
Tyre
21%
No matching quizzes found
Score Distribution
Percent of People with Each Score
Percentile by Number Answered
Your Score History
You have not taken this quiz